Central Library OPAC University of Rajshahi

Gene Action and Exploitation of Hybrid Vigour in Silkworm, Bombyxmori L. Under the Stress of Different Environmental Condition / (Record no. 83817)

MARC details
000 -LEADER
fixed length control field 01103nam a2200253 a 4500
001 - CONTROL NUMBER
RUCL Control Number 83817
003 - CONTROL NUMBER IDENTIFIER
rucl marc code BD-RjUL
005 - DATE AND TIME OF LATEST TRANSACTION
control field 20240526110637.0
008 - FIXED-LENGTH DATA ELEMENTS--GENERAL INFORMATION
fixed length control field 240526s2011 bg a|||| m||| 00| 0 eng d
035 ## - SYSTEM CONTROL NUMBER
system control number (BD-RjUL)83817
040 ## - CATALOGING SOURCE
Original cataloging agency BD-RjUL
Language of cataloging eng
Transcribing agency BD-RjUL
Modifying agency BD-RjUL
041 ## - LANGUAGE CODE
Language code of Book eng
082 ## - DEWEY DECIMAL CLASSIFICATION NUMBER
DDC Edition number 23
Classification number 595.78
Author mark and Year HAG 2011
100 ## - MAIN ENTRY--PERSONAL NAME
Personal name Hasan, Md. Ariful
9 (RLIN) 13166
245 10 - TITLE STATEMENT
Title Gene Action and Exploitation of Hybrid Vigour in Silkworm, Bombyxmori L. Under the Stress of Different Environmental Condition /
Statement of responsibility, etc By Md. Ariful Hasan ;
Name of Supervisor/Co-Supervisor Principal Supervisor : Sowdagar Mahfuzar Rahman, Co-Supervisor : Aminuzzaman Md. Saleh Reza
260 ## - PUBLICATION, DISTRIBUTION, ETC. (IMPRINT)
Place of publication, distribution, etc Rajshahi :
Name of publisher, distributor, etc Deaprtment of Zoology, University of Rajshahi,
Date of publication, distribution, etc 2011
300 ## - PHYSICAL DESCRIPTION
Pagination vi, 306 Leaves :
Other physical details ill, ;
Dimensions 29 cm.
502 ## - DISSERTATION NOTE
Dissertation note Thesis (Ph. D.) -- Deaprtment of Zoology, University of Rajshahi, 2011
504 ## - BIBLIOGRAPHY, ETC. NOTE
Bibliography, etc Literature Cited : Leaves 273-306
650 ## - SUBJECT ADDED ENTRY--TOPICAL TERM
Topical term or geographic name as entry element Arthropoda
Form subdivision Lepidoptera
Source of heading or term Exploitation
9 (RLIN) 13167
700 ## - ADDED ENTRY--SUPERVISOR/CO-SUPERVISOR NAME
Personal name Rahman, Sowdagar Mahfuzar, Principal Supervisor
9 (RLIN) 9823
Personal name Reza, Aminuzzaman Md. Saleh, Co-Supervisor
9 (RLIN) 13168
942 ## - ADDED ENTRY ELEMENTS (KOHA)
Source of classification or shelving scheme Dewey Decimal Classification
Koha item type Theses
Holdings
Source of classification or shelving scheme Damaged status Not for loan Collection code Permanent Location Current Location Shelving location Date of accession Source of acquisition Total Checkouts Full call number Barcode Date last seen Copy number Thesis
Dewey Decimal Classification   Not For Loan Theses Central Library, University of Rajshahi Central Library, University of Rajshahi Documentation Section 14/11/2012 Controller of Exam. R. U.   THE 595.78 HAG 2011 D3446 26/05/2024 C-I Theses